People's Republic of China : Staff Report for the 2012 Article IV Consultation.

China's economy has been moderate in 2012, with a GDP growth of about 8 percent. Macroeconomic policies helped to maintain sustainable growth and continued to be adjusted in line with evolving conditions. The 2012 fiscal stance balanced the past stimulus with the growing economy. The authoritie...

Descripció completa

Dades bibliogràfiques
Autor corporatiu: International Monetary Fund
Format: Revista
Idioma:English
Publicat: Washington, D.C. : International Monetary Fund, 2012.
Col·lecció:IMF Staff Country Reports; Country Report ; No. 2012/195
Accés en línia:Full text available on IMF
LEADER 01579cas a2200241 a 4500
001 AALejournalIMF012021
008 230101c9999 xx r poo 0 0eng d
020 |c 5.00 USD 
020 |z 9781475505467 
022 |a 1934-7685 
040 |a BD-DhAAL  |c BD-DhAAL 
110 2 |a International Monetary Fund. 
245 1 0 |a People's Republic of China :   |b Staff Report for the 2012 Article IV Consultation. 
264 1 |a Washington, D.C. :  |b International Monetary Fund,  |c 2012. 
300 |a 1 online resource (75 pages) 
490 1 |a IMF Staff Country Reports 
500 |a <strong>Off-Campus Access:</strong> No User ID or Password Required 
500 |a <strong>On-Campus Access:</strong> No User ID or Password Required 
506 |a Electronic access restricted to authorized BRAC University faculty, staff and students 
520 3 |a China's economy has been moderate in 2012, with a GDP growth of about 8 percent. Macroeconomic policies helped to maintain sustainable growth and continued to be adjusted in line with evolving conditions. The 2012 fiscal stance balanced the past stimulus with the growing economy. The authorities have taken necessary steps to accelerate the implementation of approved projects. Directors encouraged the authorities to accelerate the transformation of China's economy as conceived under the 12th Five-Year Plan. 
538 |a Mode of access: Internet 
830 0 |a IMF Staff Country Reports; Country Report ;  |v No. 2012/195 
856 4 0 |z Full text available on IMF  |u http://elibrary.imf.org/view/journals/002/2012/195/002.2012.issue-195-en.xml  |z IMF e-Library